000 00632nam a2200181 a 4500
008 210303s2006 ||||||||||||||||| || u
020 _a9785883371294
050 _aPG 2900 Bab
100 _aPugachov, I.A
245 1 0 _aRussian language test workshop (2nd edition)
_cN.G Babai; I.A Pugachov; C.U Remezova
250 _a2nd edition
260 _aMoscow
_c2006
300 _a173 pages
650 _aRUSSIAN LITERATURE
700 _aRemezova, C.U
700 _aBabai, N.G
995 _FCBU-MAIN LIBRARY (Kitwe)
_M1
_UAVAILABLE
_WMar 3, 2021
_ZMain Library Open Access Collection
999 _c56870
_d56870